| 000 | 00491nam a22001577a 4500 | ||
|---|---|---|---|
| 008 | 111011t xxu||||| |||| 00| 0 eng d | ||
| 020 | _a0674991907 | ||
| 050 | _aDG233.F77 | ||
| 100 | _aFoster, B.O., | ||
| 245 |
_aLivy: History of Rome - Books V-VII: With an English translation / _cB.O. Foster |
||
| 260 |
_aLondon: _bHarvard University Press, _c1996. |
||
| 300 |
_ax, 527p.: _bill., (Maps), _c17cm. |
||
| 500 | _aIncludes index. | ||
| 505 | _aContents: History of Rome . | ||
| 942 |
_2lcc _cBK |
||
| 999 |
_c162 _d7662 |
||